[Event "Asker-ch A"]
[Site "Asker"]
[Date "2018.02.22"]
[Round "2"]
[White "Erlendson, Audun"]
[Black "Jorgensen, Rune A"]
[Result "1-0"]
[WhiteElo "1446"]
[BlackElo "1561"]
[PlyCount "24"]
[EventDate "2018.02.19"]
[EventType "swiss"]
[EventRounds "9"]
[EventCountry "NOR"]
[SourceTitle "EXT 2023"]
[Source "ChessBase"]
[SourceDate "2022.10.05"]
[SourceVersion "1"]
[SourceVersionDate "2022.10.05"]
[SourceQuality "1"]

1. e4 e5 2. Nc3 Nc6 3. Bc4 Bc5 4. Qg4 Qf6 5. Nd5 Bxf2+ 6. Kd1 Qg6 7. Qxg6 hxg6 8. Nxc7+ Kd8 9. Nxa8 b6 10. Nxb6 axb6 11. Bxf7 g5 12. Nh3 Ke7 1-0

[Event "Asker CC-ch Class A"]
[Site "Asker"]
[Date "2017.03.06"]
[Round "5"]
[White "Jorgensen, Rune A"]
[Black "Syse, Knut"]
[Result "0-1"]
[WhiteElo "1534"]
[BlackElo "1523"]
[PlyCount "44"]
[EventDate "2017.01.09"]
[EventType "swiss"]
[EventRounds "9"]
[EventCountry "NOR"]
[SourceTitle "EXT 2024"]
[Source "ChessBase"]
[SourceDate "2023.10.10"]
[SourceVersion "1"]
[SourceVersionDate "2023.10.10"]
[SourceQuality "1"]

1. e4 d6 2. d4 Nf6 3. Nc3 c6 4. Nf3 Bg4 5. Be2 e6 6. 0-0 Be7 7. h3 Bh5 8. b3 0-0 9. Bb2 d5 10. e5 Nfd7 11. Re1 c5 12. Ba3 Qa5 13. Bb2 Nc6 14. dxc5 Bxf3 15. Bxf3 Ncxe5 16. Na4 Nxf3+ 17. Qxf3 Nxc5 18. Nxc5 Qxc5 19. Qg3 d4 20. Re4 Bf6 21. Rf4 Be5 22. Bxd4 Bxd4 0-1

[Event "Asker Autumn A"]
[Site "Asker"]
[Date "2016.10.??"]
[Round "5"]
[White "Jorgensen, Rune A"]
[Black "Lovberget, Erik"]
[Result "1/2-1/2"]
[WhiteElo "1601"]
[BlackElo "1466"]
[PlyCount "113"]
[EventDate "2016.08.29"]
[EventType "swiss"]
[EventRounds "9"]
[EventCountry "NOR"]
[SourceTitle "EXT 2024"]
[Source "ChessBase"]
[SourceDate "2023.10.10"]
[SourceVersion "1"]
[SourceVersionDate "2023.10.10"]
[SourceQuality "1"]

1. e4 e5 2. Nf3 Nc6 3. Bb5 a6 4. Bxc6 dxc6 5. 0-0 f6 6. d4 Bg4 7. dxe5 Qxd1 8. Rxd1 fxe5 9. Rd3 Bd6 10. h3 Bxf3 11. Rxf3 Nf6 12. Nc3 0-0 13. Bg5 b5 14. Re1 a5 15. Bxf6 gxf6 16. Nd1 Bc5 17. Rd3 Rad8 18. Ne3 Rxd3 19. cxd3 Rd8 20. Rd1 Bd4 21. Rd2 Kf7 22. Nf5 Bb6 23. Kf1 b4 24. Ke2 a4 25. g4 b3 26. axb3 axb3 27. Rd1 Ra8 28. Rb1 Ra5 29. Rc1 Ra2 30. Rb1 Ra5 31. Ne3 Bd4 32. Nc4 Ra2 33. f3 Kg6 34. h4 h5 35. Kf1 Kh6 36. Kg2 Kg6 37. Kg3 Ra8 38. f4 exf4+ 39. Kxf4 Rd8 40. Rd1 Bf2 41. e5 Bxh4 42. gxh5+ Kxh5 43. exf6 Bxf6 44. Kf5 Bh4 45. Ke6 Rd4 46. Na5 Rd6+ 47. Kf7 Rd7+ 48. Ke6 Rd6+ 49. Kf7 Kh6 50. Nxb3 Rd7+ 51. Ke6 Rd6+ 52. Kf5 Rd5+ 53. Ke4 Rb5 54. Nd2 Rxb2 55. Nf3 Rb4+ 56. d4 c5 57. Nxh4 1/2-1/2

[Event "Asker Autumn A"]
[Site "Asker"]
[Date "2016.08.29"]
[Round "1"]
[White "Holler, Ole Jakob"]
[Black "Jorgensen, Rune A"]
[Result "1-0"]
[WhiteElo "1440"]
[BlackElo "1601"]
[PlyCount "51"]
[EventDate "2016.08.29"]
[EventType "swiss"]
[EventRounds "9"]
[EventCountry "NOR"]
[SourceTitle "EXT 2024"]
[Source "ChessBase"]
[SourceDate "2023.10.10"]
[SourceVersion "1"]
[SourceVersionDate "2023.10.10"]
[SourceQuality "1"]

1. c3 e5 2. d4 exd4 3. cxd4 d5 4. e3 Nf6 5. Bd3 Nc6 6. Bd2 Be7 7. Nc3 0-0 8. Nf3 Bg4 9. h3 Bh5 10. g4 Bg6 11. Qe2 Bxd3 12. Qxd3 Nb4 13. Qb1 h6 14. g5 Ne4 15. gxh6 Nxd2 16. Kxd2 g6 17. Rg1 Bf6 18. Rg4 Kh7 19. h4 Rg8 20. h5 Nc6 21. Qh1 gxh5 22. Rxg8 Qxg8 23. Rg1 Qf8 24. Qxh5 Qxh6 25. Qxf7+ Kh8 26. Rg6 1-0

[Event "Asker Host A"]
[Site "Asker"]
[Date "2015.12.07"]
[Round "9"]
[White "Jorgensen, Rune A"]
[Black "Utseth, Mikhail"]
[Result "1-0"]
[WhiteElo "1612"]
[BlackElo "1657"]
[PlyCount "147"]
[EventDate "2015.09.21"]
[EventType "swiss"]
[EventRounds "9"]
[EventCountry "NOR"]
[SourceTitle "EXT 2023"]
[Source "ChessBase"]
[SourceDate "2022.10.05"]
[SourceVersion "1"]
[SourceVersionDate "2022.10.05"]
[SourceQuality "1"]

1. e4 e6 2. d4 d5 3. exd5 exd5 4. c4 Nf6 5. Nc3 Bb4 6. a3 Bxc3+ 7. bxc3 0-0 8. Nf3 Re8+ 9. Be3 Be6 10. c5 Ne4 11. Qb3 b6 12. cxb6 axb6 13. Bd3 h6 14. 0-0 c6 15. Rfe1 c5 16. Qc2 cxd4 17. Bxd4 Nc5 18. Bb5 Re7 19. Ne5 Qc8 20. a4 Bf5 21. Qb2 f6 22. Nf3 Rxe1+ 23. Rxe1 Nc6 24. Qa3 Nd8 25. Nh4 Bc2 26. Bxc5 Qxc5 27. Qxc5 bxc5 28. g3 d4 29. cxd4 cxd4 30. Nf3 d3 31. Nd2 Nb7 32. Re8+ Rxe8 33. Bxe8 Na5 34. Kf1 Kf8 35. Bb5 Ke7 36. Ke1 Kd6 37. Nc4+ Nxc4 38. Bxc4 Kc5 39. Bb5 Kb4 40. Kd2 g5 41. h4 gxh4 42. gxh4 Bb1 43. Bxd3 Ba2 44. Bb5 Be6 45. Ke3 Kc5 46. Ke4 Bc8 47. f4 Bg4 48. f5 Bd1 49. Be8 Bc2+ 50. Kf4 Kb4 51. Bd7 Ka5 52. Ke3 Kb6 53. Kd2 Be4 54. Kc3 Kc5 55. Bc8 Bc6 56. a5 Kb5 57. a6 Kb6 58. Kd4 Bg2 59. Bb7 Bh3 60. Be4 Kxa6 61. Kd5 Kb6 62. Ke6 Bf1 63. Kxf6 Kc5 64. Kg6 Kd4 65. Bb1 Ke5 66. f6 Bc4 67. f7 Bxf7+ 68. Kxf7 Kf4 69. h5 Kg5 70. Bg6 Kf4 71. Kg7 Kg5 72. Be8 Kf5 73. Kxh6 Kf6 74. Bg6 1-0

[Event "NOR-ch Seniors-B"]
[Site "Oslo"]
[Date "2015.07.04"]
[Round "4"]
[White "Omland, Harald"]
[Black "Jorgensen, Rune A"]
[Result "1/2-1/2"]
[WhiteElo "1278"]
[BlackElo "1300"]
[PlyCount "98"]
[EventDate "2015.07.04"]
[EventType "swiss"]
[EventRounds "9"]
[EventCountry "NOR"]
[SourceTitle "EXT 2017"]
[Source "ChessBase"]
[SourceDate "2016.10.25"]
[SourceVersion "1"]
[SourceVersionDate "2016.10.25"]
[SourceQuality "1"]

1. f4 d5 2. Nf3 Nc6 3. e3 Nf6 4. Bb5 Bd7 5. c4 a6 6. Bxc6 Bxc6 7. Ne5 Qd6 8. Qb3 e6 9. Nc3 dxc4 10. Nxc4 Qb4 11. Qxb4 Bxb4 12. 0-0 b5 13. Ne5 Bb7 14. a3 Bc5 15. b4 Ba7 16. a4 Nd5 17. Bb2 f6 18. Nd3 Nxc3 19. Bxc3 bxa4 20. Rxa4 Bc6 21. Rfa1 Bxa4 22. Rxa4 Bb6 23. Nb2 Kf7 24. Nc4 Rhd8 25. d4 h6 26. Kf2 g5 27. g3 gxf4 28. gxf4 Rg8 29. Nd2 h5 30. Nf3 Ra7 31. Ra1 Rga8 32. Rc1 Rb7 33. Ra1 a5 34. bxa5 Rba7 35. axb6 Rxa1 36. Bxa1 Rxa1 37. bxc7 Rc1 38. Ne1 Rxc7 39. Kg3 Rc1 40. Ng2 Rc2 41. h3 f5 42. Ne1 Re2 43. Ng2 Kg7 44. Kf3 Rc2 45. Kg3 Kh6 46. Nh4 Rc3 47. Ng2 Rc1 48. Kf2 Rc8 49. Nh4 Rc2+ 1/2-1/2

[Event "NOR-ch Seniors-B"]
[Site "Oslo"]
[Date "2015.07.04"]
[Round "6"]
[White "Rosok, Leiv"]
[Black "Jorgensen, Rune A"]
[Result "0-1"]
[WhiteElo "1219"]
[BlackElo "1300"]
[PlyCount "44"]
[EventDate "2015.07.04"]
[EventType "swiss"]
[EventRounds "9"]
[EventCountry "NOR"]
[SourceTitle "EXT 2017"]
[Source "ChessBase"]
[SourceDate "2016.10.25"]
[SourceVersion "1"]
[SourceVersionDate "2016.10.25"]
[SourceQuality "1"]

1. e4 e5 2. Nf3 Nc6 3. Bc4 Bc5 4. 0-0 Nf6 5. Re1 0-0 6. a3 d6 7. h3 h6 8. c3 Re8 9. d4 exd4 10. cxd4 Bb6 11. Nc3 a6 12. d5 Ne5 13. Nxe5 Rxe5 14. Qc2 Qe8 15. Bd3 Nxd5 16. Nxd5 Rxd5 17. Be3 Re5 18. Bxb6 cxb6 19. Qc7 Qc6 20. Rac1 Qxc7 21. Rxc7 Rc5 22. Re7 Kf8 0-1

[Event "Asker CC-ch A"]
[Site "Asker"]
[Date "2015.04.27"]
[Round "8"]
[White "Yggeseth, Oistein"]
[Black "Jorgensen, Rune A"]
[Result "1-0"]
[WhiteElo "1280"]
[BlackElo "1329"]
[PlyCount "99"]
[EventDate "2015.02.23"]
[EventType "swiss"]
[EventRounds "9"]
[EventCountry "NOR"]
[SourceTitle "EXT 2023"]
[Source "ChessBase"]
[SourceDate "2022.10.05"]
[SourceVersion "1"]
[SourceVersionDate "2022.10.05"]
[SourceQuality "1"]

1. e4 e5 2. Nf3 Nc6 3. Bb5 d6 4. c3 a6 5. Ba4 b5 6. Bc2 Bg4 7. h3 Bh5 8. g4 Bg6 9. d4 Nf6 10. Bg5 Be7 11. dxe5 Nxe5 12. Nxe5 dxe5 13. Qe2 h6 14. Bh4 0-0 15. Nd2 Nd7 16. Bg3 f6 17. 0-0-0 Qc8 18. h4 c5 19. f4 exf4 20. Bxf4 Ne5 21. g5 h5 22. gxf6 Bxf6 23. Rdg1 Ng4 24. Nf3 Qe8 25. Re1 Bf7 26. e5 Be7 27. Qe4 Bg6 28. Qd5+ Kh8 29. Bxg6 Qxg6 30. Bg5 Rad8 31. Qb3 c4 32. Qc2 Qxc2+ 33. Kxc2 Bxg5 34. Nxg5 Rf2+ 35. Kc1 Rdd2 36. Rhf1 Rc2+ 37. Kb1 Rxb2+ 38. Kc1 Rxa2 39. Kb1 g6 40. Rxf2 Rxf2 41. e6 Rf8 42. e7 Re8 43. Nf7+ Kg7 44. Nd6 Nf6 45. Nxe8+ Nxe8 46. Rf1 g5 47. hxg5 h4 48. Rf8 Nd6 49. e8Q Nxe8 50. Rxe8 1-0

[Event "Asker CC-ch A"]
[Site "Asker"]
[Date "2015.03.23"]
[Round "6"]
[White "Holler, Ole Jakob"]
[Black "Jorgensen, Rune A"]
[Result "1/2-1/2"]
[WhiteElo "1213"]
[BlackElo "1329"]
[PlyCount "45"]
[EventDate "2015.02.23"]
[EventType "swiss"]
[EventRounds "9"]
[EventCountry "NOR"]
[SourceTitle "EXT 2023"]
[Source "ChessBase"]
[SourceDate "2022.10.05"]
[SourceVersion "1"]
[SourceVersionDate "2022.10.05"]
[SourceQuality "1"]

1. c4 e5 2. e4 Nc6 3. d3 Bb4+ 4. Nd2 a6 5. a3 Bc5 6. Ngf3 d6 7. Be2 h6 8. h3 Nge7 9. Nh2 0-0 10. Bg4 f5 11. exf5 Bxf5 12. Ndf3 Nd4 13. Nxd4 Bxd4 14. 0-0 Kh8 15. Bxf5 Nxf5 16. Kh1 c6 17. Nf3 Ba7 18. b4 Nh4 19. Nxh4 Qxh4 20. Be3 Bd4 21. Bxd4 Qxd4 22. f3 Rf6 23. Ra2 1/2-1/2

[Event "Oslo ASKO Pinseturnering-B"]
[Site "Oslo"]
[Date "2009.05.30"]
[Round "4"]
[White "Groenn, Eskil Ekeland"]
[Black "Jorgensen, Rune A"]
[Result "0-1"]
[WhiteElo "679"]
[BlackElo "1353"]
[PlyCount "100"]
[EventDate "2009.05.30"]
[EventType "swiss"]
[EventRounds "6"]
[EventCountry "NOR"]
[SourceTitle "EXT 2011"]
[Source "ChessBase"]
[SourceDate "2010.11.26"]
[SourceVersion "1"]
[SourceVersionDate "2010.11.26"]
[SourceQuality "1"]

1. d4 Nf6 2. c4 c5 3. d5 b5 4. cxb5 a6 5. bxa6 Bxa6 6. Nc3 d6 7. Nf3 g6 8. g3 Bg7 9. Bg2 0-0 10. 0-0 Nbd7 11. Re1 Qa5 12. e4 Rfb8 13. Qc2 Ng4 14. Be3 Nge5 15. Nd2 c4 16. Bf1 Nd3 17. Bxd3 cxd3 18. Qc1 Qb4 19. Rb1 Rc8 20. a3 Qb7 21. f4 Nc5 22. Bxc5 Rxc5 23. Nf3 Rac8 24. Qe3 Qc7 25. Nd1 Rc2 26. b4 Bc3 27. Nxc3 Qxc3 28. Red1 Re2 29. Qd4 Qc2 30. Kh1 Rf2 31. Rf1 Rxf3 32. b5 Bxb5 33. Qg1 Qe2 34. Rfe1 Qf2 35. Rxb5 d2 36. Qxf2 Rxf2 37. Rd1 Rc1 38. Rb1 Rxb1 39. Rxb1 Re2 40. Rb8+ Kg7 41. Rb1 Re1+ 42. Rxe1 dxe1Q+ 43. Kg2 Qxe4+ 44. Kf2 Qxd5 45. f5 gxf5 46. g4 fxg4 47. h3 gxh3 48. a4 h2 49. a5 h1Q 50. a6 Qdf3# 0-1

[Event "Bergen Sommer op-B"]
[Site "Bergen"]
[Date "2008.08.04"]
[Round "2"]
[White "Jorgensen, Rune A"]
[Black "Govatsmark, Konstantin"]
[Result "0-1"]
[WhiteElo "1299"]
[BlackElo "1431"]
[PlyCount "72"]
[EventDate "2008.08.03"]
[EventType "swiss"]
[EventRounds "6"]
[EventCountry "NOR"]
[SourceTitle "EXT 2010"]
[Source "ChessBase"]
[SourceDate "2010.11.25"]
[SourceVersion "1"]
[SourceVersionDate "2010.11.25"]
[SourceQuality "1"]

1. e4 c6 2. d4 d5 3. exd5 cxd5 4. Bd3 Nf6 5. h3 Nc6 6. c3 e6 7. Bg5 Be7 8. Nd2 0-0 9. Ngf3 b6 10. 0-0 a5 11. Bb5 Qc7 12. Re1 Ba6 13. Qb3 Bxb5 14. Qxb5 h6 15. Bh4 Na7 16. Qe2 Nc8 17. c4 dxc4 18. Nxc4 Qb7 19. Rac1 Rd8 20. Rc2 Nd5 21. Bxe7 Ncxe7 22. a3 a4 23. Qe4 Nc6 24. Rec1 b5 25. Nce5 Na5 26. Nc6 Nxc6 27. Rxc6 b4 28. R6c4 bxa3 29. bxa3 Qb3 30. Qb1 Qxa3 31. Qa1 Qxa1 32. Rxa1 a3 33. Nd2 Rdb8 34. Nb1 a2 35. Nc3 Nxc3 36. Rxc3 Rb1+ 0-1

[Event "Oslo-ch"]
[Site "Oslo"]
[Date "2008.04.05"]
[Round "2"]
[White "Rathan, Raksha"]
[Black "Jorgensen, Rune A"]
[Result "1/2-1/2"]
[WhiteElo "1225"]
[BlackElo "1270"]
[PlyCount "133"]
[EventDate "2008.04.04"]
[EventType "swiss"]
[EventRounds "4"]
[EventCountry "NOR"]
[SourceTitle "EXT 2010"]
[Source "ChessBase"]
[SourceDate "2010.11.25"]
[SourceVersion "1"]
[SourceVersionDate "2010.11.25"]
[SourceQuality "1"]

1. d4 Nf6 2. Nf3 d5 3. Bg5 Ne4 4. Bf4 h6 5. Nbd2 Bf5 6. Nxe4 Bxe4 7. Nd2 Bg6 8. e3 e6 9. Be2 Bd6 10. Bxd6 Qxd6 11. 0-0 0-0 12. a3 Nd7 13. c4 c5 14. dxc5 Nxc5 15. b4 Ne4 16. Nxe4 Bxe4 17. Qd2 Rfd8 18. Rfd1 b6 19. f3 Bg6 20. e4 d4 21. Bd3 e5 22. Rac1 Rac8 23. Rc2 Rc7 24. Rdc1 Rdc8 25. Qe2 Qe7 26. c5 bxc5 27. Ba6 Rd8 28. Rxc5 Rxc5 29. Rxc5 f6 30. Qc2 Kh7 31. Bd3 Rd6 32. Bb5 Be8 33. Bd3 Qe6 34. f4 Rc6 35. fxe5 fxe5 36. Rxc6 Qxc6 37. Qxc6 Bxc6 38. b5 Bb7 39. Kf2 Kg6 40. Kf3 Kg5 41. a4 Kf6 42. a5 Ke7 43. h4 h5 44. g4 g6 45. gxh5 gxh5 46. Bc4 Bc8 47. Ke2 Kd6 48. Kd2 Kc5 49. Bd3 Bd7 50. Be2 Be8 51. Kc2 Bxb5 52. Bxh5 Bc4 53. Bg6 Kb4 54. h5 Kxa5 55. h6 Bg8 56. h7 Bxh7 57. Bxh7 Kb4 58. Bg8 a5 59. Bf7 a4 60. Bd5 a3 61. Bf7 Ka4 62. Ba2 Kb4 63. Kd3 Kc5 64. Bd5 Kb4 65. Kc2 Ka4 66. Bc6+ Kb4 67. Bd5 1/2-1/2